[Event "2019 African Chess Individual Championship"]
[Site "Hammamet"]
[Date "2018.07.10"]
[Round "2"]
[Board "9"]
[White "Fawzy, Adham"]
[Black "Jmila, Omar"]
[Result "1-0"]
[WhiteElo "2476"]
[BlackElo "2119"]
[PlyCount "83"]
[EventDate "2018.07.09"]
[EventRounds "9"]
[EventCountry "TUN"]

1. e4 e5 2. Nf3 Nc6 3. Bb5 a6 4. Bxc6 dxc6 5. O-O Bg4 6. h3 Bh5 7. g4 Bg6 8.
Nxe5 Qh4 9. Qf3 f6 10. Nxg6 hxg6 11. Kg2 g5 12. d4 O-O-O 13. Be3 Bd6 14. Nd2
Ne7 15. c3 Kb8 16. Rh1 Ng6 17. b4 Rde8 18. Kg1 Qh7 19. a4 Nh4 20. Qe2 Rxe4 21.
b5 axb5 22. axb5 cxb5 23. Qxb5 c6 24. Qb6 Rxe3 25. fxe3 Qd3 26. Rb1 Qxe3+ 27.
Kf1 Qd3+ 28. Kg1 Qg3+ 29. Kf1 Qg2+ 30. Ke1 Nf3+ 31. Nxf3 Qxh1+ $4 (31... Bg3+
$1 $19) 32. Kf2 Bg3+ 33. Ke3 Re8+ 34. Ne5 Rxe5+ 35. dxe5 Bf4+ 36. Kd3 Qf3+ 37.
Kc2 Qg2+ $5 (37... Qe2+ 38. Kb3 Qd3 $11) 38. Kb3 Qd5+ 39. Ka3 Qd7 40. e6 Qe7+
41. Ka4 Bd6 42. Qxc6  1-0

[Event "2019 African Chess Individual Championship"]
[Site "Hammamet"]
[Date "2019.07.11"]
[Round "3"]
[Board "10"]
[White "Amdouni, Zoubaier"]
[Black "El Gindy, Essam"]
[Result "1-0"]
[WhiteElo "2248"]
[BlackElo "2423"]
[PlyCount "105"]
[EventDate "2018.07.09"]
[EventRounds "9"]
[EventCountry "TUN"]

1. e4 {[%emt 0:00:01]} e5 (1... c5 {[%emt 0:00:03]} 2. Nf3 {[%emt 0:00:10]} Nf6
{[%emt 0:00:08]} 3. e5 {[%emt 0:00:56]} Nd5 {[%emt 0:00:02]} 4. Nc3 {[%emt 0:
00:15]} Nxc3 {[%emt 0:00:03]} 5. dxc3 {[%emt 0:00:11]} Nc6 {[%emt 0:00:03]} 6.
Bf4 {[%emt 0:00:47]} Qc7 {[%emt 0:00:11]} 7. Qd2 {[%emt 0:01:47]} e6 {[%emt 0:
00:07]} 8. h4 {[%emt 0:02:06]} h6 {[%emt 0:00:21]} 9. h5 {[%emt 0:00:35]} b6 {
[%emt 0:01:09]} 10. Bd3 {[%emt 0:04:18]} Bb7 {[%emt 0:00:49]} 11. Be4 {[%emt 0:
00:46]} Ne7 {[%emt 0:05:20]} 12. Bxb7 {[%emt 0:03:32]} Qxb7 {[%emt 0:00:02]}
13. Qe2 {[%emt 0:00:09]} b5 {[%emt 0:17:14]} 14. O-O {[%emt 0:02:17]} Nd5 {
[%emt 0:06:39]} 15. Bg3 {[%emt 0:01:31]} Be7 {[%emt 0:00:22]} 16. Nd2 {[%emt 0:
04:06]} c4 {[%emt 0:03:07]} 17. Ne4 {[%emt 0:05:46]} O-O {[%emt 0:04:23]} 18.
Rad1 {[%emt 0:00:20]} Qc6 {[%emt 0:05:59]} 19. Rfe1 {[%emt 0:06:32]} Kh7 {
[%emt 0:19:37]} 20. Qg4 {[%emt 0:08:25]} Rg8 {[%emt 0:00:09]} 21. Bh4 {[%emt 0:
04:21]} Bxh4 {[%emt 0:00:06]} 22. Qxh4 {[%emt 0:00:04]} Raf8 {[%emt 0:00:08]}
23. Qg3 {[%emt 0:11:12]} Kh8 {[%emt 0:08:15]} 24. Nd6 {[%emt 0:11:22]} g6 {
[%emt 0:03:46]} 25. Rd4 {[%emt 0:15:14]} gxh5 {[%emt 0:05:15]} 26. Qf3 {[%emt
0:00:38]} f5 {[%emt 0:01:27]} 27. Rh4 {[%emt 0:03:13]} Rg4 {[%emt 0:02:46]} 28.
Rxh5 {[%emt 0:01:05]} Kg7 {[%emt 0:00:36]} 29. Kf1 {[%emt 0:04:26]} a5 {[%emt
0:02:57]} 30. a3 {[%emt 0:03:43]} Kg6 {[%emt 0:03:46]} 31. Rh2 {[%emt 0:03:54]}
h5 {[%emt 0:00:32]} 32. Rd1 {[%emt 0:00:45]} Qc5 {[%emt 0:02:47]} 33. Nb7 {
[%emt 0:00:59]} Qe7 {[%emt 0:01:50]} 34. Nd6 {[%emt 0:00:14]} Qg5 {[%emt 0:00:
19]} 35. Nxb5 {[%emt 0:01:05]} f4 {[%emt 0:00:01]} 36. Rd4 {[%emt 0:00:57]}
Qxe5 {[%emt 0:01:39]} 37. Qe4+ {[%emt 0:00:18]} Qxe4 {[%emt 0:02:20]} 38. Rxe4
{[%emt 0:00:02]} Ne3+ {[%emt 0:00:01]} 39. Kg1 {[%emt 0:01:04]} Rg5 {[%emt 0:
00:30]} 40. Nd4 {[%emt 0:00:37]} Ng4 {[%emt 0:00:30]} 41. Rh3 {[%emt 0:00:35]}
Rd5 {[%emt 0:02:51]} 42. Kf1 {[%emt 0:08:28]} e5 {[%emt 0:02:03]} 43. Nf3 {
[%emt 0:00:23]} Rb8 {[%emt 0:00:38]} 44. g3 {[%emt 0:03:01]} fxg3 {[%emt 0:00:
12]} 45. Rxg3 {[%emt 0:00:07]} Kf6 {[%emt 0:00:23]} 46. Rxc4 {[%emt 0:01:03]}
Rxb2 {[%emt 0:00:08]} 47. Ne1 {[%emt 0:00:23]} Rd2 {[%emt 0:00:48]} 48. Rf3+ {
[%emt 0:01:25]} Ke6 {[%emt 0:00:10]} 49. Kg2 {[%emt 0:04:25]} Rxf2+ {[%emt 0:
00:56]} 50. Rxf2 {[%emt 0:00:53]} Ne3+ {[%emt 0:00:02]} 51. Kf3 {[%emt 0:00:32]
} Nxc4 {[%emt 0:00:02]} 52. a4 {[%emt 0:00:18]} Ra2 {[%emt 0:00:44]} 53. Rh2 {
[%emt 0:01:53]} Rxa4 {[%emt 0:00:28]} 54. Ke2 {[%emt 0:00:05]} Ra3 {[%emt 0:02:
34]} 55. Kd3 {[%emt 0:00:26]} Kd5 {[%emt 0:07:01]} 56. Rxh5 {[%emt 0:00:25]}
Ra1 {[%emt 0:00:02]} 57. Ke2 {[%emt 0:00:46]} Rc1 {[%emt 0:00:33]} 58. Rh7 {
[%emt 0:00:47]} Kc6 {[%emt 0:00:03]} 59. Nf3 {[%emt 0:00:50]} a4 {[%emt 0:00:
38]} 60. Kd3 {[%emt 0:00:58]} d5 {[%emt 0:00:45] Kd4 [%emt 00:01:13] 0-1 (60)
Hamdouchi,H (2575)-Adly,A (2618) Hammamet, Tunisia 2019}) 2. Bc4 Nf6 3. d3 c6
4. Nf3 d5 5. Bb3 Bd6 6. Nc3 d4 7. Ne2 h6 8. Ng3 g6 9. O-O c5 10. Nxe5 Bxe5 11.
f4 Bc7 12. e5 Nd5 13. Ne4 Ne3 14. Bxe3 dxe3 15. Qe2 Nc6 16. a3 Be6 17. Bxe6
fxe6 18. Qg4 Qe7 19. Qxg6+ Qf7 20. Nf6+ Ke7 21. Qe4 Kd8 22. Qxe3 Ne7 23. c4 Nf5
24. Qe4 Kc8 25. b4 Bd8 26. g4 Nd4 27. f5 exf5 28. Rxf5 Qg6 29. Qd5 Bc7 30. Qd7+
Kb8 31. Nd5 Qc6 32. Qg7 Re8 33. b5 Nxf5 34. Qf7 Re7 35. Nxe7 Qd7 36. Qf8+ Qd8
37. Qxd8+ Bxd8 38. Nxf5 Kc7 39. Nxh6 a6 40. a4 axb5 41. cxb5 Kd7 42. Nf5 Ke6
43. Nd6 Kxe5 44. Nxb7 Bb6 45. Kg2 Kd4 46. a5 Ra7 47. Ra4+ Kxd3 48. Nd6 Rxa5 49.
Rxa5 Bxa5 50. Kf3 Bc7 51. Ne4 Bxh2 52. g5 $18 {Diagramme [#]} Kd4 53. Ng3  1-0

[Event "2019 African Chess Individual Championship"]
[Site "Hammamet"]
[Date "2019.07.13"]
[Round "5"]
[Board "13"]
[White "Elarabi, Abobker Mohamed"]
[Black "Degondo, Simplice Armel"]
[Result "1-0"]
[WhiteElo "2312"]
[BlackElo "2115"]
[PlyCount "74"]
[EventDate "2018.07.09"]
[EventRounds "9"]
[EventCountry "TUN"]

1. d4 d5 2. c4 c6 3. Nf3 Nf6 4. Nc3 e6 5. e3 Nbd7 6. cxd5 cxd5 7. Bd3 Bd6 8.
O-O O-O 9. b3 a6 10. Bb2 b5 11. e4 b4 12. Nxd5 exd5 (12... exd5 13. e5 Bc7 14.
exf6 {[%eval 65,18] Fritz 11  SE}) 13. e5 Be7 14. exf6 Nxf6 15. Ne5 Qb6 16. Rc1
Bb7 17. Bf5 Rfe8 18. Qf3 Bd6 19. Rfd1 Re7 20. Qh3 Rae8 21. Ng4 Re2 22. Nxf6+
gxf6 23. Qxh7+ Kf8 24. Qh6+ Ke7 25. Re1 Qb5 26. Bg4 Re6 27. Bxe6 fxe6 28. Qg7+
Kd8 29. Qxf6+ Kd7 30. Rc2 Bb8 31. Rce2 Qc6 32. Bc1 a5 33. Bg5 Ba6 34. Qf7+ Kc8
35. Rxe6 Rxe6 36. Rxe6 Bxh2+ 37. Kxh2 Qc7+  1-0

[Event "2019 African Chess Individual Championship"]
[Site "Hammamet"]
[Date "2019.07.15"]
[Round "7"]
[Board "12"]
[White "Barbaria, Yacine"]
[Black "Balogun, Oluwafemi"]
[Result "0-1"]
[WhiteElo "2210"]
[BlackElo "2279"]
[PlyCount "64"]
[EventDate "2018.07.09"]
[EventRounds "9"]
[EventCountry "TUN"]

1. e4 d6 2. d4 Nf6 3. Nc3 g6 4. Bg5 c6 5. Qd2 Nbd7 6. O-O-O Qa5 7. Kb1 b5 8. f3
b4 9. Nce2 Ba6 10. h4 Rb8 11. Nh3 h5 12. Nc1 Bxf1 13. Rhxf1 Bg7 14. Rfe1 O-O
15. g4 c5 16. e5 Nd5 17. Nb3 Nc3+ 18. bxc3 bxc3 19. Qe2 Qb4 20. Nf4 Qa3 21. Nd3
c4 22. Bc1 Qa4 23. gxh5 Rfc8 24. Ndc5 Nxc5 25. dxc5 Rxc5 26. Rd4 Ra5 27. a3
Rxe5 28. Re4 Rxe4 29. Qxe4 Rxb3+ 30. Ka2 Rb8 31. hxg6 Qb5 32. gxf7+ Kh8  0-1